Wastewater engineering : (Record no. 554348)

000 -LEADER
fixed length control field 00935cam a22002654a 4500
020 ## - INTERNATIONAL STANDARD BOOK NUMBER
International Standard Book Number 0070418780 (alk. paper)
020 ## - INTERNATIONAL STANDARD BOOK NUMBER
International Standard Book Number 0071122508 (ISE)
082 00 - DEWEY DECIMAL CLASSIFICATION NUMBER
Classification number 628.3
Author Mark MET
245 00 - TITLE STATEMENT
Title Wastewater engineering :
Remainder of title treatment and reuse /
Statement of responsibility, etc. Metcalf & Eddy, Inc.
250 ## - EDITION STATEMENT
Edition statement 4th ed. /
260 ## - PUBLICATION, DISTRIBUTION, ETC.
Place of publication, distribution, etc. Boston :
Name of publisher, distributor, etc. McGraw-Hill,
Date of publication, distribution, etc. c2003.
300 ## - PHYSICAL DESCRIPTION
Extent xxviii, 1819 p. :
Other physical details ill. ;
Dimensions 24 cm.
526 ## - STUDY PROGRAM INFORMATION NOTE
Program name 0
Interest level 0
Reading level 0
Title point value 628_300000000000000_MET
650 #0 - SUBJECT ADDED ENTRY--TOPICAL TERM
Topical term or geographic name entry element Sewage disposal.
9 (RLIN) 392
650 #0 - SUBJECT ADDED ENTRY--TOPICAL TERM
Topical term or geographic name entry element Sewerage.
9 (RLIN) 5193
650 #0 - SUBJECT ADDED ENTRY--TOPICAL TERM
Topical term or geographic name entry element Water reuse.
9 (RLIN) 1016
700 1# - ADDED ENTRY--PERSONAL NAME
Personal name Burton, Franklin L.
9 (RLIN) 44236
700 1# - ADDED ENTRY--PERSONAL NAME
Personal name Stensel, H. David.
9 (RLIN) 51797
700 1# - ADDED ENTRY--PERSONAL NAME
Personal name Tchobanoglous, George
9 (RLIN) 4906
710 2# - ADDED ENTRY--CORPORATE NAME
Corporate name or jurisdiction name as entry element Metcalf & Eddy.
9 (RLIN) 5817
856 41 - ELECTRONIC LOCATION AND ACCESS
Uniform Resource Identifier <a href="http://www.loc.gov/catdir/toc/mh021/2001053724.html">http://www.loc.gov/catdir/toc/mh021/2001053724.html</a>
856 42 - ELECTRONIC LOCATION AND ACCESS
Uniform Resource Identifier <a href="http://www.loc.gov/catdir/description/mh021/2001053724.html">http://www.loc.gov/catdir/description/mh021/2001053724.html</a>
856 42 - ELECTRONIC LOCATION AND ACCESS
Uniform Resource Identifier <a href="http://www.loc.gov/catdir/enhancements/fy0737/2001053724-b.html">http://www.loc.gov/catdir/enhancements/fy0737/2001053724-b.html</a>
942 ## - ADDED ENTRY ELEMENTS (KOHA)
Source of classification or shelving scheme
Koha item type Book
Holdings
Withdrawn status Lost status Source of classification or shelving scheme Damaged status Not for loan Permanent Location Current Location Date acquired Total Checkouts Full call number Barcode Date last seen Price effective from Koha item type
          Military College of Engineering (MCE) Military College of Engineering (MCE) 06/22/2020   628.3 MET MCE-51433 06/22/2020 06/22/2020 Book
© 2023 Central Library, National University of Sciences and Technology. All Rights Reserved.